| 000 | 00601nam a2200169 i 4500 | ||
|---|---|---|---|
| 001 | 33423 | ||
| 003 | ES-MaACL | ||
| 005 | 20230906154744.0 | ||
| 007 | t| | ||
| 008 | 030202s1920 sp ||||1| spa d | ||
| 100 | 1 |
_aBeti, Manuel. _928671 |
|
| 245 | 1 | 0 |
_aRosell _b: pleito que por su dominio sostuvieron en el siglo XIII la orden de San Juan de Jerusalén y el real Monasterio de Benifaza / _cpor Manuel Beti. |
| 260 |
_a[S.l. : _bs.n., _c1920] ( _eCastellón : _fHijos de J. Armengot) |
||
| 300 |
_aVIII, 104 p., 1 lám. ; _c20 cm. |
||
| 610 | 2 | 4 |
_aOrden de Malta. _9157829 |
| 852 |
_aES-MaACL _jF-5986 |
||
| 999 |
_c33423 _d33423 |
||